000 00681cam a22002053a 4500
001 45153
003 PGUSA
005 20140828084031.0
008 140317s2014||||xxu|||||s|||||000 | eng d
040 _aPGUSA
_beng
042 _adc
100 1 _aCroston, James
245 1 0 _aHistoric Sites of Lancashire and Cheshire :
_bA Wayfarer's Notes in the Palatine Counties, Historical, Legendary, Genealogical, and Descriptive.
_h[electronic resource] /
_cJames Croston
260 _bProject Gutenberg,
_c2014
506 _aPublic domain in the USA.
516 _aElectronic text
830 0 _aProject Gutenberg
_v45153
856 4 0 _uhttp://www.gutenberg.org/ebooks/45153
942 _cEB
999 _c274404
_d274404